Nové směry v analytické chemii

Bibliographic Details
Main Authors: Šingliar, Michal, 1923- (Author), Zýka, J. (Author)
Format: Article
Language:Slovak
English
Subjects:

MARC

LEADER 00000nab a2200000 a 4500
001 vtls000386511
003 SK-MaSNL
005 20260304082436.0
008 250424c1989 xo 0 slo
015 |a SNBRB19rr/mm-uuuuu 
035 |a CL0386634 
035 |a urn:nbn:sk:snk-ab7hzc 
035 |a (urnnbn)urn:nbn:sk:snk:ar-005thx 
035 |a (uuid)23dac0d7-dbc6-4ea1-a0ba-f0667e8307da 
040 |a SNKBUCL  |b slo  |c SNKBUCL  |e AACR2 
041 0 |a eng 
044 |a xo  |c SK 
080 |a 543  |2 1981 
100 1 |a Šingliar, Michal,  |d 1923-  |4 aut  |9 220715 
245 1 0 |a Nové směry v analytické chemii  |c M. Šingliar 
650 0 7 |a analytická chémia  |2 SNKPH  |9 849 
655 7 |a články z novín a časopisov  |2 SNK  |9 267496 
700 1 |a Zýka, J.  |4 aut  |9 518581 
773 0 |t Chemical papers. Chemické zvesti  |g Roč. 43, č. 5 (1989), s. 714-715 
787 0 8 |i Rec.:  |a Zýka, J.  |t Nové směry v analytické chemii  |d Praha : Nakladatelství technické literatury, 1988 
850 |a Slovenská národná knižnica 
852 |a Slovenská národná knižnica 
958 |a article7 
958 |a OND 
958 |a RK 
958 |a EUIPO 
992 |a RBX 
999 |c 2796076  |d 2798006